| 000 | 00443nam a2200157 4500 | ||
|---|---|---|---|
| 999 |
_c15355 _d15355 |
||
| 008 | 200610b ||||| |||| 00| 0 eng d | ||
| 020 | _a978-1-40711500-9 (paperback) | ||
| 082 |
_22009 _aDFic _bSt52 |
||
| 100 |
_aStiefvater, Maggie _942192 |
||
| 245 |
_aShiver / _cMaggie Stiefvater. |
||
| 260 |
_aLondon : _bScholastic, _c2009. |
||
| 300 |
_a434 pages ; _c20 cm. |
||
| 650 |
_aFiction _942195 |
||
| 365 |
_b194.00 _cPhp |
||
| 942 |
_2ddc _cDFIC |
||